000 00754nam a22001937a 4500
999 _c2772
_d2772
003 AR-CdUCM
008 190305b ||||| |||| 00| 0 spa d
040 _aMUNICIPALIDAD PROVINCIAL DEL CUSCO
_cBIBLIOTECA MUNICIPAL DEL CUSCO
082 _a345.5 /
_bP43
100 _aPeña Cabrera, Raul
_99664
245 _aProcesos penales especiales :
_bNuevas tendencias en el proceso penal peruano /
260 _aLima :
_bSan Marcos,
_c1997.
300 _a337 páginas ;
_c20 cm.
505 _aNuevas tendencias en el proceso penal peruano -- El principio de oralidad en los procesos especiales -- El binomio sistema acusatorio..-
650 _aProcesos penales.
_99665
650 _aSistema acusatorio.
_99666
942 _2ddc
_cLIBROS
945 _awfj
_d2019-03-05